| 000 | 009780000a22002410004500 | ||
|---|---|---|---|
| 003 | LK-CoMWRAF | ||
| 005 | 20240315100132.0 | ||
| 008 | 230817t ||||| |||| 00| 0 eng d | ||
| 040 |
_aLK-CoMWRAF _dLK-CoMWRAF _eLK-CoMWRAF |
||
| 041 | _atam | ||
| 082 |
_a954.93 _bMAR |
||
| 100 |
_aமரிக்கார், ஏ.ஐ.எல். _vMarikar, A.I.L. |
||
| 242 | _aGlimpses from the past of the Moors of Sri Lanka | ||
| 245 | _aஇலங்கைச் சோனகர் பற்றிய கடந்தகால நிலைவுகள் | ||
| 246 | _aIlaṅkaic cōṉakar paṟṟiya kaṭantakāla nilaivukaḷ | ||
| 260 |
_aColombo: _bMoors Islamic Cultural Home, _c[1976] |
||
| 300 | _a270 p. | ||
| 650 | _aMuslims -- Sri Lanka -- History | ||
| 650 | _aSri Lanka -- History | ||
| 700 |
_aலாபிர், ஏ.எல்.எம் _yLafir, A. L. M |
||
| 700 |
_aமாக்கர், ஏ.எச். மாக்கன் _yMarkar, A. H. Macan. |
||
| 942 | _cBK | ||
| 999 |
_c2338 _d2338 |
||